000 00705nam a2200265Ia 4500
005 20260121173431.0
008 008 260114s9999 xx 000 0 eng d
020 _a9789811926310
037 _aEBOOK
040 _aCRL
040 _beng
040 _cCRL
041 _2eng
041 _aeng
084 _qCRL
100 _aAmit Dhawan, R. A. Mishra, Karm Veer Arya, Carlos Ruiz ZamarreƱo
_91100810
245 0 _aAdvances in VLSI, Communication, and Signal Processing
260 _bSpringer
260 _bSpringer
260 _c2022
856 _uhttps://link.springer.com/openurl?genre=book&isbn=978-981-19-2631-0
942 _cEBOOK
999 _c1666555
_d1666555